书目信息 |
| 题名: |
现代西方经济学
|
|
| 作者: | 宋承先 著 | |
| 分册: | 宏观经济学 | |
| 出版信息: | 上海 复旦大学出版社 1999 |
|
| 页数: | 629页 | |
| 开本: | 32开 | |
| 丛书名: | ||
| 单 册: | ||
| 中图分类: | F015 | |
| 科图分类: | ||
| 主题词: | 政治经济学--概论 | |
| 电子资源: | ||
| ISBN: | 7-309-01926-1 | |
| 000 | 00628nam0 2200217 45 | |
| 001 | 0111200880 | |
| 005 | 20031219104051.7 | |
| 010 | @a7-309-01926-1@dCNY23.00 | |
| 100 | @a20011120d1999 km y0chiy0120 ea | |
| 101 | 0 | @achi |
| 105 | @a z 000yy | |
| 200 | 1 | @a现代西方经济学@i宏观经济学@AXian Dai Xi Fang Jing Ji Xue@f宋承先著@FSong Cheng Xian Zhu |
| 205 | @a2版 | |
| 210 | @a上海@c复旦大学出版社@d1999 | |
| 215 | @a629页@d32开 | |
| 517 | @a宏观经济学@AHong Guan Jing Ji Xue | |
| 606 | 0 | @a政治经济学@x概论 |
| 690 | @aF015@v4 | |
| 701 | @a宋承先@4著 | |
| 801 | @aCN@bTSTC@c20011120 | |
| 905 | @f2@b301064-065@dF015@e150=2 | |
| 现代西方经济学.宏观经济学/宋承先著.-2版.-上海:复旦大学出版社,1999 |
| 629页;32开 |
| ISBN 7-309-01926-1:CNY23.00 |
| ● |
| 相关链接 |
|
|
|
|
正题名:现代西方经济学
索取号:F015/150=2
 
预约/预借
| 序号 | 登录号 | 条形码 | 馆藏地/架位号 | 状态 | 备注 |
| 1 | 0301064 | 203010641 | 第一借阅区/ [索取号:F015/150=2] | 在馆 | |
| 2 | 0301065 | 203010650 | 第一样本阅览室/ [索取号:F015/150=2] | 在馆 |